The works of George Peele / In two volumes.

Saved in:
Bibliographic Details
Main Author: Peele, George, 1556-1596
Other Authors: Bullen, A. H. (Arthur Henry), 1857-1920
Format: Book
Language:English
Published: London : John C. Nimmo, 1888.
Series:The English dramatists
LEADER 01184nam a2200289 a 4500
001 c000014771
003 CARM
005 00000000000000.0
008 870401s1888 enk 00000 eng d
019 1 |a 6527556  |z 9383354  |5 LACONCORD2021 
035 |a (OCoLC)220542892  |5 LACONCORD2021 
100 1 |a Peele, George,  |d 1556-1596. 
245 1 4 |a The works of George Peele /  |c edited by A. H. Bullen.  |n In two volumes. 
260 |a London :  |b John C. Nimmo,  |c 1888. 
300 |a 2 v. ;  |c 22 cm. 
490 0 |a The English dramatists 
500 |a Title vignette. 
500 |a Printer: Ballantyne Press. 
500 |a Edition limited to 750 copies. 
500 |a Title pages in red and black. 
700 1 |a Bullen, A. H.  |q (Arthur Henry),  |d 1857-1920. 
852 8 |b CARM  |h A2:AE38B0  |i B00821  |p 0049713  |f BK 
852 8 |b CARM  |h A2:AE38B0  |i B00821  |p 0049711  |f BK 
082 0 4 |a 2234-5 
999 f f |i 1af632fa-3f57-573d-ae9b-2dc920789973  |s 026d5749-4539-5efa-afd3-32dfa1a976d9 
952 f f |p Can circulate  |a CAVAL  |b CAVAL  |c CAVAL  |d CARM 1 Store  |e B00821  |f A2:AE38B0  |h Other scheme  |i book  |j v.2 held  |m 0049711 
952 f f |p Can circulate  |a CAVAL  |b CAVAL  |c CAVAL  |d CARM 1 Store  |e B00821  |f A2:AE38B0  |h Other scheme  |i book  |j v.1 held  |m 0049713